Disney - Charakter mit "G" - Statistiken

Allgemein
  • Dieses Quiz wurde 49 mal gespielt
    48 seit der letzten Aktualisierung
  • Das Durchschnittsergebnis liegt bei 4 aus 22
Antwortstatistiken
Film /Serie Disneyfigur % Korrekt
Die Schöne & das Biest Gaston
62%
Entenhausen Gustav Gans
57%
Guardians of the Galaxy Groot
51%
Guardians of the Galaxy Gamora
43%
Pinocchio Gepetto
38%
Rapunzel Gothel
32%
Entenhausen Gundel Gaukeley
32%
... nicht zu stoppen Goofy
22%
Zoomania Gazelle
11%
Marry Poppins George Banks
11%
Baymax GoGo Tomago
11%
Vaiana Gramma Tala
11%
Willkommen in Gravity Falls Gronkel Stan
11%
Pocahontas Großmutter Weide
11%
Spiderman Grüner Kobold
11%
Pinocchio Gideon
8%
Entenhausen Gitta Gans
5%
A Toy Story -Alles hört auf kein Kommando Gabby Gabby
3%
Ralph reicht's Gene
3%
Pocahontas Governor Ratcliffe
3%
A Toy Story -Alles hört auf kein Kommando Giggle McDimples
0%
Entenhausen Grooskooz
0%
Keine übereinstimmenden Quizze gefunden
Verteilung der Resultate
Anzahl Personen mit jedem Resultat
Perzentil nach korrekt beantworteten Fragen
Ihre Resultats-Entwicklung
Sie haben dieses Quiz seit der letzten Aktualisierung nicht gespielt